000
00322nam a2200145Ia 4500
008
220923s9999 xx 000 0 und d
082
_b
TRI
100
_a
TRIPATHI, T.P.
245
4
_a
THE CODE OF CIVIL PROCEDURE
250
_a
8TH
260
_c
2016
300
_a
898
650
_a
Civil Procedure Code
942
_c
BK
999
_c
195945
_d
195945